Statistics for Australia Decoder

Click here to take the quiz!

General Stats

  • This quiz has been taken 305 times
  • The average score is 11 of 18

Answer Stats

HintAnswer% Correct
SThe biggest city.Sydney
95%
TState situated south of the mainlandTasmania
95%
PBiggest city on the west coastPerth
92%
ENational birdEmu
87%
HCapital in the above stateHobart
86%
VMelbourne is the capital in this stateVictoria
86%
ORemote regionsOutback
82%
AThe largest group of native australiansAborigines
79%
WSmall kangerooWallaby
74%
EEgg-laying mammalEchidna
62%
TThe second largest group of native australians: ______ Strait IslandersTorres
58%
Tourist attraction:The twelve apostles
45%
TPrime minister's last nameTurnbull
43%
ELake with the lowest point in AustraliaEyre
39%
SAnimal that can glide through the airSugar glider
34%
ECity whose name means "Meeting of the waters"Echuca
10%
LNational park in the Northern territoryLitchfield
9%
LIsland group that is a world heritage siteLord Howe
9%

Score Distribution

Percentile by Number Answered

Percent of People with Each Score

Your Score History

You have not taken this quiz